Leksičeskij minimum po anglijskomu jazyku dlja techničeskich vuzov /

Uložené v:
Podrobná bibliografia
Hlavní autori: Morozenko, Valentina Vasil´jevna (Author), Turuk, Irina Fedorovna (Author)
Médium: Kniha
Jazyk:Russian
English
Vydané: Moskva : Vysšaja škola, 1975.
ISBN: (brož.)
Fyzický popis: 149 s.
Tagy: Pridať tag
Žiadne tagy, Buďte prvý kto otaguje tento záznam!

MARC

LEADER 00000nam a2200000 a 4500
001 000125035
005 20120416115942.0
008 990305s1975 ru rus d
020 |a (brož.) 
040 |a SVKKK  |b slo  |c SVKKK  |e AACR2 
041 |a rus  |a eng 
044 |a ru  |c RU 
100 1 |a Morozenko, Valentina Vasil´jevna  |4 aut 
245 1 0 |a Leksičeskij minimum po anglijskomu jazyku dlja techničeskich vuzov /  |c Valentina Vasil´jevna Morozenko, Irina Fedorovna Turuk. 
260 |a Moskva :  |b Vysšaja škola,  |c 1975. 
300 |a 149 s. 
700 1 |a Turuk, Irina Fedorovna  |4 aut 
910 |a svkkk 
998 |a BK 
090 |g SCKHL  |k Sklad Pribinova 2. posch.  |a III.112121  |j 563382  |i 125035-10  |4 Zastaraná  |s Vyradená